Saturn Award for Best Actor - Statistics

General Stats
  • This quiz has been taken 17 times
  • The average score is 22 of 41
Answer Stats
Year Actor % Correct
2015 Harrison Ford
100%
1981 Harrison Ford
100%
1988 Tom Hanks
92%
1995 George Clooney
83%
1983 Mark Hamill
83%
1980 Mark Hamill
83%
2013 Robert Downey, Jr.
83%
2008 Robert Downey, Jr.
83%
1993 Robert Downey, Jr.
83%
2001 Tom Cruise
83%
2007 Will Smith
75%
1991 Anthony Hopkins
67%
2005 Christian Bale
67%
2000 Hugh Jackman
67%
1986 Jeff Goldblum
67%
2004 Tobey Maguire
67%
1992 Gary Oldman
58%
1982 William Shatner
58%
2010 Jeff Bridges
50%
1984 Jeff Bridges
50%
2002 Robin Williams
50%
2003 Elijah Wood
42%
2012 Matthew McConaughey
42%
2009 Sam Worthington
42%
2006 Brandon Routh
33%
2014 Chris Pratt
33%
1976 David Bowie
33%
1996 Eddie Murphy
33%
1987 Jack Nicholson
33%
1998 James Woods
33%
1990 Jeff Daniels
33%
1985 Michael J. Fox
33%
2011 Michael Shannon
33%
1997 Pierce Brosnan
33%
1999 Tim Allen
33%
1975 Don Johnson
25%
1977 George Burns
25%
1979 George Hamilton
25%
1975 James Caan
25%
1994 Martin Landau
25%
1978 Warren Beatty
25%
No matching quizzes found
Score Distribution
Percent of People with Each Score
Percentile by Number Answered
Your Score History
You have not taken this quiz